Ciudad de la Paz Quiz - Statistics

General Stats
  • This quiz has been taken 97 times
  • The average score is 5 of 10
Answer Stats
Hint Answer % Correct
What is the main language of Ciudad de la Paz? Spanish
97%
What was Equatorial Guinea’s capital before Ciudad de la Paz? Malabo
94%
What does Ciudad de la Paz mean in English? City of Peace
91%
Like Brasilia, Ciudad de la Paz was purposely created from scratch. It is a ___ city. Planned
63%
The previous capital is located on Bioko, but Ciudad de la Paz is located on ___ The mainland
60%
Ciudad de la Paz is located in what biome? Rainforest
53%
What is the planned population of Ciudad de la Paz when fully completed (to 1 significant figure)? 200,000
30%
What is the original name of Ciudad de la Paz? Oyala
10%
What province is Ciudad de la Paz located in? Djibloho
8%
What international airport is near Ciudad de la Paz? Mengomeyén
3%
No matching quizzes found
Score Distribution
Percent of People with Each Score
Percentile by Number Answered
Your Score History
You have not taken this quiz